[Event "Skalica Open 2019"]
[Site "Skalica"]
[Date "2019.08.27"]
[Round "4.6"]
[White "Lanka, Zigurds"]
[Black "Danada, Tomas"]
[Result "1/2-1/2"]
[WhiteElo "2395"]
[BlackElo "2266"]
[Annotator "NA"]
[PlyCount "43"]
[EventDate "2019.08.25"]
[EventType "swiss"]
[EventCountry "SVK"]
[SourceTitle "playchess.com"]
[Source "ChessBase"]
[SourceQuality "1"]
[TimeControl "40/5400+30:1800+30"]

1. e4 {[%emt 0:00:00]} c6 {[%emt 0:00:00]} 2. d4 {[%emt 0:00:00]} d5 {[%emt 0:00:00]} 3. exd5 {[%emt 0:00:00]} cxd5 {[%emt 0:00:00]} 4. c4 {[%emt 0:00:01]} Nf6 {[%emt 0:00:00]} 5. Nc3 {[%emt 0:00:08]} Nc6 {[%emt 0:00:00]} 6. Bg5 {[%emt 0:00:09]} Ne4 {[%emt 0:00:00]} 7. cxd5 {[%emt 0:00:10]} Nxc3 {[%emt 0:00:05]} 8. bxc3 {[%emt 0:00:10]} Qxd5 {[%emt 0:00:03]} 9. Nf3 {[%emt 0:00:13]} Bg4 {[%emt 0:00:06]} 10. Qb3 {[%emt 0:00:08]} e6 {[%emt 0:00:09]} 11. Bc4 {[%emt 0:09:15]} Qe4+ {[%emt 0:02:14]} 12. Kf1 {[%emt 0:00:46]} Bxf3 {[%emt 0:07:40]} 13. gxf3 {[%emt 0:00:20]} Qxf3 {[%emt 0:00:18]} 14. Rg1 {[%emt 0:00:29]} Bd6 {[%emt 0:06:33]} 15. Re1 {[%emt 0:07:06]} O-O {[%emt 0:11:27]} 16. Re3 {[%emt 0:01:14]} Qh5 {[%emt 0:03:49]} 17. Be2 {[%emt 0:07:05]} Qxh2 {[%emt 0:02:23]} 18. Bd3 {[%emt 0:25:23]} Bf4 {[%emt 0:06:45]} 19. Rg2 {[%emt 0:05:32]} Qh1+ {[%emt 0:00:22]} 20. Rg1 {[%emt 0:00:09]} Qh2 {[%emt 0:00:05]} 21. Rg2 {[%emt 0:02:23]} Qh1+ {[%emt 0:00:06]} 22. Rg1 {[%emt 0:00:06]} 1/2-1/2

[Event "Skalica Open 2019"]
[Site "Skalica"]
[Date "2019.08.27"]
[Round "4.7"]
[White "Aleksandrovskiy, Dmitriy"]
[Black "Manik, Mikulas"]
[Result "1/2-1/2"]
[WhiteElo "2284"]
[BlackElo "2374"]
[Annotator "NA"]
[PlyCount "45"]
[EventDate "2019.08.25"]
[EventType "swiss"]
[EventCountry "SVK"]
[SourceTitle "playchess.com"]
[Source "ChessBase"]
[SourceQuality "1"]
[TimeControl "40/5400+30:1800+30"]

1. e4 {[%emt 0:00:00]} c5 {[%emt 0:00:00]} 2. Nf3 {[%emt 0:00:00]} d6 {[%emt 0:00:00]} 3. d4 {[%emt 0:00:00]} cxd4 {[%emt 0:00:00]} 4. Nxd4 {[%emt 0:00:00]} Nf6 {[%emt 0:00:00]} 5. f3 {[%emt 0:00:00]} Nc6 {[%emt 0:00:00]} 6. c4 {[%emt 0:01:37]} e6 {[%emt 0:03:22]} 7. Nc3 {[%emt 0:00:38]} Be7 {[%emt 0:00:49]} 8. Be3 {[%emt 0:02:24]} O-O {[%emt 0:01:05]} 9. Be2 {[%emt 0:03:56]} d5 {[%emt 0:02:24]} 10. cxd5 {[%emt 0:08:07]} exd5 {[%emt 0:04:46]} 11. Nxc6 {[%emt 0:00:28]} bxc6 {[%emt 0:00:05]} 12. exd5 {[%emt 0:00:08]} Nxd5 {[%emt 0:00:09]} 13. Nxd5 {[%emt 0:00:10]} cxd5 {[%emt 0:00:12]} 14. O-O {[%emt 0:02:04]} Bf6 {[%emt 0:04:30]} 15. Bd4 {[%emt 0:03:17]} Rb8 {[%emt 0:05:11]} 16. b3 {[%emt 0:10:32]} Re8 {[%emt 0:01:11]} 17. Re1 {[%emt 0:02:58]} Bf5 {[%emt 0:05:57]} 18. Qd2 {[%emt 0:16:50]} Bxd4+ {[%emt 0:10:50]} 19. Qxd4 {[%emt 0:00:07]} Qa5 {[%emt 0:00:11]} 20. Kf1 {[%emt 0:02:33]} h6 {[%emt 0:02:14]} 21. Red1 {[%emt 0:08:19]} Qc7 {[%emt 0:09:45]} 22. Qxd5 {[%emt 0:06:37]} Qxh2 {[%emt 0:00:46]} 23. Qd4 1/2-1/2

[Event "Skalica Open 2019"]
[Site "Skalica"]
[Date "2019.08.27"]
[Round "4.8"]
[White "Sahidi, Samir"]
[Black "Havelka, Ondrej"]
[Result "1/2-1/2"]
[WhiteElo "2366"]
[BlackElo "2112"]
[Annotator "TA"]
[PlyCount "177"]
[EventDate "2019.08.25"]
[EventType "swiss"]
[EventCountry "SVK"]
[SourceTitle "playchess.com"]
[Source "ChessBase"]
[SourceQuality "1"]

{[%evp 23,177,0,10,-12,-12,-14,23,13,14,24,16,0,7,7,5,-11,0,-36,-6,-7,-6,-116,-104,-150,-166,-140,-119,-139,-129,-132,-135,-236,-247,-238,-142,-145,-129,-144,-124,-152,-151,-152,-152,-144,-144,-137,-137,-144,-137,-177,-183,-192,-130,-161,-135,-153,-153,-132,-113,-189,-187,-184,-162,-271,-271,-271,-269,-244,-215,-228,-87,-87,-87,-87,-87,-87,-87,-87,-54,-138,-87,-87,-87,-87,-46,-87,-87,-87,-79,-87,-87,-87,-87,-248,0,-87,-87,-87,-87,-87,-87,-87,-87,-87,-87,-103,-87,-87,-54,-87,-87,-201,-54,-87,-87,-87,-87,-87,-72,-87,-87,-122,-122,-173,-173,-173,-87,-173,-87,-87,-87,-87,-87,-87,-8,-8,-8,-8,-8,-8,-8,-8,0,0,0,0,0,-8,-8,-8,0,0,0,0,0,0]} 1. d4 Nf6 2. c4 e6 3. Nf3 d5 4. Nc3 Be7 5. Bg5 O-O 6. e3 h6 7. Bh4 b6 8. cxd5 Nxd5 9. Bxe7 Qxe7 10. Rc1 Bb7 11. Be2 Rc8 12. O-O c5 13. Ne5 {D59: Queen's Gambit Declined: Tartakower Defence: Main line (8 cxd5 Nxd5)} Nxc3 14. Rxc3 {[#]} Na6 $146 ({Predecessor:} 14... Nc6 15. Nxc6 Rxc6 16. Bf3 Rd6 17. Bxb7 Qxb7 18. Qg4 cxd4 19. exd4 Qd5 20. Rd1 Rad8 {0-1 (28) Granda Zuniga,J (2663)-Sargissian,G (2673) Linares 2015}) 15. Qa4 {White has an edge.} Nb4 16. dxc5 bxc5 {[%cal Bb6c5,Bc5c4][%mdl 32]} 17. Bf3 Bxf3 18. Nxf3 Rab8 19. Rfc1 Rb6 20. Ra3 c4 21. Ne5 ({Reject} 21. Qxa7 Qxa7 22. Rxa7 Nd3 $17) 21... Ra6 22. Qd1 (22. Qb5 $1 $11 Rb6 23. Qa4) 22... Rd8 $1 $36 {[%cal Rd8d1][%mdl 2048] White is under strong pressure.} 23. Qf1 Rxa3 24. bxa3 Nxa2 25. Rxc4 {Strongly threatening Nc6.} Qxa3 26. h3 Nc3 27. Rd4 (27. Kh2 $17) 27... Rxd4 $19 28. exd4 Qc1 (28... Qb4 $19 29. Qc4 Qxc4 30. Nxc4 Ne2+ 31. Kf1 Nxd4) 29. Qxc1 $17 Ne2+ {[%mdl 64] Double Attack} 30. Kf1 Nxc1 {[%mdl 4096] Endgame KN-KN} 31. Nc6 a6 $1 32. Ke1 {[#]} Nd3+ $1 33. Ke2 Nf4+ 34. Kf3 Nd5 35. Ke4 Kf8 36. Ke5 Ke8 37. g3 Nc7 (37... Ne7 $19 38. Na5 Kd7) 38. h4 Kd7 39. Nb8+ Kc8 40. Nc6 Nb5 41. g4 (41. d5 $17) 41... Kc7 $19 42. Na5 Kd7 43. g5 (43. f4 {was necessary.}) 43... h5 44. d5 exd5 45. Kxd5 Nd6 46. Nb3 Nf5 (46... Kc7 $19 {...Nf5 is the strong threat.} 47. Nc5 Nf5 48. Nxa6+ Kd8) 47. Nc5+ $17 Ke7 48. Nxa6 Nxh4 {Hoping for ...Nf3.} 49. Ke4 g6 50. Nb4 Nf5 51. Kf4 (51. Ke5 $15) 51... Nd4 (51... Ke6 $142 52. Nd3 Nd6) 52. Ke4 Ne6 53. f4 Nc5+ 54. Kf3 Ke6 55. Nc6 Nb3 56. Nd8+ Ke7 57. Nc6+ Kd6 58. Nd8 $2 {[#]} (58. Ne5 $17) 58... Ke7 $2 (58... Nd4+ $1 $19 {is more deadly.} 59. Ke4 Ke7 60. Nxf7 Nf3) 59. Nc6+ Kd7 60. Ne5+ Ke6 61. Nc6 Nd2+ 62. Ke3 Nc4+ 63. Kf3 Nd6 64. Nb4 Kd7 65. Ke3 Kc7 66. Kd4 Nf5+ 67. Ke5 (67. Ke4 $17) 67... Kd7 ({Better is} 67... h4 $19 {White must now prevent ...h3.} 68. Ke4 h3) 68. Nd3 Ke7 69. Nf2 Ne3 {aiming for ...Ng4+.} 70. Ke4 Nc4 71. Kd5 Nb6+ 72. Ke5 Nd7+ 73. Kd5 (73. Ke4 $17) 73... f6 $19 74. Nh3 Nb6+ 75. Ke4 (75. Kd4 $17) 75... Ke6 ({Black should try} 75... f5+ $19 76. Ke5 h4) 76. gxf6 $17 Kxf6 77. Ng5 Nc4 78. Nh7+ Kg7 (78... Ke7 $17 {next ...Nd6+ is good for Black.} 79. Ng5 Nd6+ 80. Kd5 Nf7) 79. Ng5 $11 {The position is equal.} Nd6+ 80. Kd5 Nf7 {Threatens to win with ...Nxg5.} 81. Ne4 $1 h4 82. Kd4 Nh6 83. Ke3 Kf7 84. Kf3 Ke6 85. Nc5+ Kf5 86. Nb3 Ke6 87. Nc5+ Kf6 88. Ne4+ Kf5 89. Nd6+ {Accuracy: White = 40%, Black = 52%.} 1/2-1/2

[Event "Skalica Open 2019"]
[Site "Skalica"]
[Date "2019.08.27"]
[Round "4.9"]
[White "Kantorik, Marian"]
[Black "Kuznetsov, Mikhail V."]
[Result "0-1"]
[WhiteElo "2164"]
[BlackElo "2261"]
[Annotator "NA"]
[PlyCount "90"]
[EventDate "2019.08.25"]
[EventType "swiss"]
[EventCountry "SVK"]
[SourceTitle "playchess.com"]
[Source "ChessBase"]
[SourceQuality "1"]
[TimeControl "40/5400+30:1800+30"]

1. d4 {[%emt 0:00:00]} Nf6 {[%emt 0:00:00]} 2. c4 {[%emt 0:00:00]} e6 {[%emt 0:00:00]} 3. Nc3 {[%emt 0:00:32]} Bb4 {[%emt 0:01:38]} 4. Qc2 {[%emt 0:00:28]} O-O {[%emt 0:00:25]} 5. e4 {[%emt 0:00:50]} d6 {[%emt 0:02:13]} 6. Bg5 {[%emt 0:08:07]} e5 {[%emt 0:01:06]} 7. d5 {[%emt 0:01:48]} Nbd7 {[%emt 0:00:48]} 8. Bd3 {[%emt 0:01:15]} h6 {[%emt 0:01:15]} 9. Bh4 {[%emt 0:01:29]} g5 {[%emt 0:07:01]} 10. Bg3 {[%emt 0:00:16]} Nh5 {[%emt 0:00:36]} 11. Nge2 {[%emt 0:00:33]} Nc5 {[%emt 0:02:51]} 12. h4 {[%emt 0:05:56]} Nf4 {[%emt 0:04:28]} 13. Bxf4 {[%emt 0:01:26]} gxf4 {[%emt 0:00:18]} 14. O-O-O {[%emt 0:02:01]} Kh7 {[%emt 0:01:06]} 15. f3 {[%emt 0:05:38]} Rg8 {[%emt 0:02:58]} 16. Rdg1 {[%emt 0:00:16]} Nxd3+ {[%emt 0:01:26]} 17. Qxd3 {[%emt 0:00:08]} Bc5 {[%emt 0:00:04]} 18. g4 {[%emt 0:07:21]} Bxg1 {[%emt 0:00:56]} 19. Nxg1 {[%emt 0:00:06]} a6 {[%emt 0:01:27]} 20. h5 {[%emt 0:00:12]} Bd7 {[%emt 0:01:12]} 21. Kb1 {[%emt 0:01:38]} b5 {[%emt 0:02:58]} 22. cxb5 {[%emt 0:03:40]} axb5 {[%emt 0:00:02]} 23. Nxb5 {[%emt 0:00:11]} Qb8 {[%emt 0:01:11]} 24. Nc3 {[%emt 0:00:12]} Qb6 {[%emt 0:01:11]} 25. Nge2 {[%emt 0:01:12]} Bc8 {[%emt 0:01:54]} 26. Nc1 {[%emt 0:04:26]} Ba6 {[%emt 0:01:43]} 27. Qd2 {[%emt 0:00:48]} Rgb8 {[%emt 0:01:39]} 28. Rh2 {[%emt 0:00:29]} Bc4 {[%emt 0:02:52]} 29. Qe1 {[%emt 0:07:59]} Qd4 {[%emt 0:04:07]} 30. Qd2 {[%emt 0:01:42]} Qc5 {[%emt 0:01:08]} 31. Ka1 {[%emt 0:01:29]} Rb4 {[%emt 0:05:03]} 32. Qf2 {[%emt 0:09:11]} Qe3 {[%emt 0:17:03]} 33. Qxe3 {[%emt 0:05:20]} fxe3 {[%emt 0:00:02]} 34. Kb1 {[%emt 0:00:20]} Kg7 {[%emt 0:03:30]} 35. b3 {[%emt 0:02:34]} Kf6 {[%emt 0:07:38]} 36. Kc2 {[%emt 0:00:35]} Bf1 {[%emt 0:02:33]} 37. Rh1 {[%emt 0:12:11]} e2 {[%emt 0:00:15]} 38. N1xe2 {[%emt 0:00:15]} Bxe2 {[%emt 0:00:12]} 39. Nxe2 {[%emt 0:00:04]} Rxa2+ {[%emt 0:00:14]} 40. Kc3 {[%emt 0:00:04]} Rb5 {[%emt 0:04:35]} 41. g5+ {[%emt 0:36:49]} Kxg5 {[%emt 0:31:52]} 42. Rg1+ {[%emt 0:05:13]} Kxh5 {[%emt 0:01:57]} 43. Ng3+ {[%emt 0:05:31]} Kg5 {[%emt 0:00:35]} 44. Nf5+ {[%emt 0:00:00]} Kf4 {[%emt 0:00:00]} 45. Nxh6 {[%emt 0:00:00]} Kxf3 {[%emt 0:00:00] Kd4} 0-1

[Event "Skalica Open 2019"]
[Site "Skalica"]
[Date "2019.08.27"]
[Round "4.10"]
[White "Matejovic, Juraj"]
[Black "Khmelev, Mikhail"]
[Result "1-0"]
[WhiteElo "2237"]
[BlackElo "2021"]
[Annotator "NA"]
[PlyCount "97"]
[EventDate "2019.08.25"]
[EventType "swiss"]
[EventCountry "SVK"]
[SourceTitle "playchess.com"]
[Source "ChessBase"]
[SourceQuality "1"]
[TimeControl "40/5400+30:1800+30"]

1. e4 {[%emt 0:00:00]} e6 {[%emt 0:00:00]} 2. d4 {[%emt 0:00:22]} d5 {[%emt 0:00:00]} 3. Nd2 {[%emt 0:00:34]} a5 {[%emt 0:00:46]} 4. Ngf3 {[%emt 0:20:29]} a4 {[%emt 0:00:48]} 5. Bd3 {[%emt 0:09:29]} c5 {[%emt 0:03:28]} 6. dxc5 {[%emt 0:03:35]} Bxc5 {[%emt 0:00:07]} 7. O-O {[%emt 0:01:00]} Nf6 {[%emt 0:01:57]} 8. e5 {[%emt 0:06:28]} Nfd7 {[%emt 0:00:06]} 9. c4 {[%emt 0:00:23]} d4 {[%emt 0:20:55]} 10. Ne4 {[%emt 0:02:07]} Nc6 {[%emt 0:00:41]} 11. Re1 {[%emt 0:11:46]} h6 {[%emt 0:00:35]} 12. Nd6+ {[%emt 0:08:05]} Kf8 {[%emt 0:04:16]} 13. Nb5 {[%emt 0:06:07]} Qb6 {[%emt 0:04:59]} 14. Bf4 {[%emt 0:07:11]} a3 {[%emt 0:02:38]} 15. b3 {[%emt 0:00:27]} Nb4 {[%emt 0:00:18]} 16. Re4 {[%emt 0:02:16]} Ra5 {[%emt 0:08:20]} 17. h4 {[%emt 0:01:16]} Rxb5 {[%emt 0:00:18]} 18. cxb5 {[%emt 0:00:07]} Nd5 {[%emt 0:00:06]} 19. Bd2 {[%emt 0:02:16]} g6 {[%emt 0:03:59]} 20. Rc1 {[%emt 0:01:13]} Kg7 {[%emt 0:00:16]} 21. Qe1 {[%emt 0:01:26]} Qa7 {[%emt 0:00:36]} 22. b4 {[%emt 0:00:34]} Be7 {[%emt 0:00:32]} 23. Rxd4 {[%emt 0:00:50]} N7b6 {[%emt 0:01:29]} 24. Qe4 {[%emt 0:01:10]} Bd7 {[%emt 0:01:22]} 25. h5 {[%emt 0:00:47]} g5 {[%emt 0:00:28]} 26. Qe2 {[%emt 0:04:45]} Qa4 {[%emt 0:00:36]} 27. Rg4 {[%emt 0:00:46]} Kf8 {[%emt 0:01:42]} 28. g3 {[%emt 0:00:59]} Na8 {[%emt 0:01:42]} 29. Rd4 {[%emt 0:02:38]} Nac7 {[%emt 0:00:49]} 30. Rxc7 {[%emt 0:00:41]} Nxc7 {[%emt 0:01:21]} 31. Rxd7 {[%emt 0:00:09]} Nd5 {[%emt 0:00:05]} 32. Rxb7 {[%emt 0:02:38]} Qa8 {[%emt 0:00:03]} 33. Rd7 {[%emt 0:00:21]} Ke8 {[%emt 0:00:04]} 34. Rxd5 {[%emt 0:00:44]} Qxd5 {[%emt 0:00:06]} 35. Bc4 {[%emt 0:00:17]} Qb7 {[%emt 0:00:32]} 36. g4 {[%emt 0:00:19]} Kf8 {[%emt 0:00:06]} 37. Nd4 {[%emt 0:01:35]} Kg7 {[%emt 0:00:49]} 38. Nc6 {[%emt 0:00:11]} Qd7 {[%emt 0:00:30]} 39. Bc3 {[%emt 0:00:51]} Rc8 {[%emt 0:00:17]} 40. Qf3 {[%emt 0:00:39]} Bf8 {[%emt 0:00:06]} 41. Kg2 {[%emt 0:30:33]} Kg8 {[%emt 0:30:07]} 42. Kg3 {[%emt 0:02:16]} Bg7 {[%emt 0:00:19]} 43. Kg2 {[%emt 0:00:00]} Bh8 {[%emt 0:00:00]} 44. Kf1 {[%emt 0:00:00]} Bg7 {[%emt 0:00:00]} 45. Ke2 {[%emt 0:00:00]} Bf8 {[%emt 0:00:00]} 46. Qe4 {[%emt 0:00:00]} Qb7 {[%emt 0:00:00]} 47. Bd3 {[%emt 0:00:00]} Bg7 {[%emt 0:00:00]} 48. Qh7+ {[%emt 0:00:00]} Kf8 {[%emt 0:00:00]} 49. Bd4 {[%emt 0:00:00]} 1-0

[Event "Skalica Open 2019"]
[Site "Skalica"]
[Date "2019.08.27"]
[Round "4.12"]
[White "Jun, Rudolf Jr."]
[Black "Karas, Marek"]
[Result "1/2-1/2"]
[WhiteElo "2114"]
[BlackElo "2233"]
[Annotator "NA"]
[PlyCount "97"]
[EventDate "2019.08.25"]
[EventType "swiss"]
[EventCountry "SVK"]
[SourceTitle "playchess.com"]
[Source "ChessBase"]
[SourceQuality "1"]
[TimeControl "40/5400+30:1800+30"]

1. e4 {[%emt 0:00:00]} e6 {[%emt 0:00:00]} 2. d4 {[%emt 0:01:28]} d5 {[%emt 0:00:00]} 3. Nd2 {[%emt 0:00:11]} Nf6 {[%emt 0:00:15]} 4. Bd3 {[%emt 0:00:10]} c5 {[%emt 0:00:08]} 5. dxc5 {[%emt 0:00:07]} dxe4 {[%emt 0:00:27]} 6. Nxe4 {[%emt 0:00:12]} Nxe4 {[%emt 0:00:07]} 7. Bxe4 {[%emt 0:00:09]} Qxd1+ {[%emt 0:00:06]} 8. Kxd1 {[%emt 0:00:07]} Bxc5 {[%emt 0:00:20]} 9. Ke2 {[%emt 0:00:09]} f5 {[%emt 0:00:07]} 10. Bd3 {[%emt 0:00:27]} Nc6 {[%emt 0:01:53]} 11. c3 {[%emt 0:00:36]} e5 {[%emt 0:02:10]} 12. Nh3 {[%emt 0:02:33]} h6 {[%emt 0:02:23]} 13. f3 {[%emt 0:00:44]} Be6 {[%emt 0:03:03]} 14. Be3 {[%emt 0:00:57]} Bxe3 {[%emt 0:01:38]} 15. Kxe3 {[%emt 0:00:07]} O-O-O {[%emt 0:00:59]} 16. Nf2 {[%emt 0:10:09]} Ne7 {[%emt 0:02:01]} 17. Ke2 {[%emt 0:02:20]} Nd5 {[%emt 0:04:23]} 18. g3 {[%emt 0:00:09]} Rhe8 {[%emt 0:02:46]} 19. Rad1 {[%emt 0:01:11]} Nf6 {[%emt 0:07:28]} 20. Bc2 {[%emt 0:01:58]} Bc4+ {[%emt 0:02:29]} 21. Ke1 {[%emt 0:02:24]} e4 {[%emt 0:08:55]} 22. Rxd8+ {[%emt 0:01:17]} Kxd8 {[%emt 0:02:03]} 23. fxe4 {[%emt 0:00:30]} fxe4 {[%emt 0:01:34]} 24. b3 {[%emt 0:01:14]} Bb5 {[%emt 0:02:41]} 25. c4 {[%emt 0:05:57]} Bc6 {[%emt 0:01:08]} 26. Rf1 {[%emt 0:02:22]} Kc7 {[%emt 0:07:37]} 27. Ke2 {[%emt 0:03:10]} Kd6 {[%emt 0:03:15]} 28. Nd1 {[%emt 0:04:04]} Bd7 {[%emt 0:09:48]} 29. Ne3 {[%emt 0:02:31]} Re5 {[%emt 0:04:34]} 30. Rf4 {[%emt 0:01:41]} Kc5 {[%emt 0:02:54]} 31. g4 {[%emt 0:02:19]} Kb4 {[%emt 0:04:56]} 32. h3 {[%emt 0:04:01]} Ka3 {[%emt 0:02:59]} 33. Kd2 {[%emt 0:02:11]} Kb4 {[%emt 0:03:25]} 34. Rf1 {[%emt 0:01:36]} a5 {[%emt 0:03:03]} 35. a3+ {[%emt 0:01:03]} Kc5 {[%emt 0:01:32]} 36. Kc3 {[%emt 0:00:16]} Kb6 {[%emt 0:03:08]} 37. Kd4 {[%emt 0:05:07]} Re8 {[%emt 0:00:42]} 38. Nd5+ {[%emt 0:00:06]} Nxd5 {[%emt 0:00:16]} 39. cxd5 {[%emt 0:00:06]} e3 {[%emt 0:01:03]} 40. Re1 {[%emt 0:00:46]} e2 {[%emt 0:00:24]} 41. Bd3 {[%emt 0:30:26]} Bb5 {[%emt 0:30:36]} 42. Bc4 {[%emt 0:00:13]} a4 {[%emt 0:03:13]} 43. Bxb5 {[%emt 0:01:02]} Kxb5 {[%emt 0:00:10]} 44. bxa4+ {[%emt 0:00:04]} Kb6 {[%emt 0:02:30]} 45. Kd3 {[%emt 0:01:25]} Re5 {[%emt 0:02:37]} 46. Rxe2 {[%emt 0:00:26]} Rxd5+ {[%emt 0:00:15]} 47. Kc4 {[%emt 0:00:25]} Rd7 {[%emt 0:00:22]} 48. Re5 {[%emt 0:00:32]} Rf7 {[%emt 0:01:01]} 49. Re3 {[%emt 0:03:25]} 1/2-1/2

[Event "Skalica Open 2019"]
[Site "Skalica"]
[Date "2019.08.27"]
[Round "4.13"]
[White "Skalsky, Alexandr"]
[Black "Husek, Martin"]
[Result "1/2-1/2"]
[WhiteElo "2128"]
[BlackElo "2182"]
[Annotator "NA"]
[PlyCount "64"]
[EventDate "2019.08.25"]
[EventType "swiss"]
[EventCountry "SVK"]
[SourceTitle "playchess.com"]
[Source "ChessBase"]
[SourceQuality "1"]
[TimeControl "40/5400+30:1800+30"]

1. e4 {[%emt 0:00:00]} e5 {[%emt 0:00:00]} 2. Nf3 {[%emt 0:00:00]} Nc6 {[%emt 0:00:00]} 3. Bc4 {[%emt 0:00:00]} Nf6 {[%emt 0:00:05]} 4. Ng5 {[%emt 0:00:00]} d5 {[%emt 0:00:13]} 5. exd5 {[%emt 0:00:00]} Na5 {[%emt 0:00:26]} 6. Bb5+ {[%emt 0:00:00]} c6 {[%emt 0:00:13]} 7. dxc6 {[%emt 0:00:00]} bxc6 {[%emt 0:00:10]} 8. Qf3 {[%emt 0:00:29]} Be7 {[%emt 0:00:14]} 9. Bd3 {[%emt 0:00:44]} h6 {[%emt 0:14:51]} 10. Ne4 {[%emt 0:00:19]} Nd5 {[%emt 0:00:20]} 11. Ng3 {[%emt 0:19:29]} g6 {[%emt 0:16:45]} 12. O-O {[%emt 0:04:57]} O-O {[%emt 0:05:09]} 13. Re1 {[%emt 0:06:20]} Bd6 {[%emt 0:02:47]} 14. Nc3 {[%emt 0:01:02]} Nb4 {[%emt 0:05:09]} 15. a3 {[%emt 0:11:44]} Nxd3 {[%emt 0:00:11]} 16. Qxd3 {[%emt 0:00:04]} Qc7 {[%emt 0:07:27]} 17. b4 {[%emt 0:05:28]} Nb7 {[%emt 0:00:40]} 18. Qe3 {[%emt 0:00:31]} g5 {[%emt 0:14:17]} 19. Nce4 {[%emt 0:05:28]} f5 {[%emt 0:02:57]} 20. Nxd6 {[%emt 0:12:23]} Nxd6 {[%emt 0:00:10]} 21. Bb2 {[%emt 0:00:35]} Nc4 {[%emt 0:07:39]} 22. Qb3 {[%emt 0:00:22]} Qf7 {[%emt 0:00:29]} 23. Bxe5 {[%emt 0:09:12]} f4 {[%emt 0:00:43]} 24. Nf1 {[%emt 0:03:33]} Be6 {[%emt 0:00:21]} 25. Bb2 {[%emt 0:01:35]} Rae8 {[%emt 0:06:57]} 26. d3 {[%emt 0:07:58]} f3 {[%emt 0:05:44]} 27. Rxe6 {[%emt 0:04:59]} Rxe6 {[%emt 0:00:31]} 28. Qxc4 {[%emt 0:02:30]} fxg2 {[%emt 0:00:26]} 29. Kxg2 {[%emt 0:02:27]} Qf3+ {[%emt 0:01:31]} 30. Kg1 {[%emt 0:00:01]} Qxf2+ {[%emt 0:00:16]} 31. Kh1 {[%emt 0:00:01]} Qf3+ {[%emt 0:01:22]} 32. Kg1 {[%emt 0:00:00]} Qf2+ {[%emt 0:00:44]} 1/2-1/2

[Event "Skalica Open 2019"]
[Site "Skalica"]
[Date "2019.08.27"]
[Round "4.14"]
[White "Gresova, Zuzana"]
[Black "Kapusta, Petr"]
[Result "0-1"]
[WhiteElo "2008"]
[BlackElo "2157"]
[Annotator "NA"]
[PlyCount "84"]
[EventDate "2019.08.25"]
[EventType "swiss"]
[EventCountry "SVK"]
[SourceTitle "playchess.com"]
[Source "ChessBase"]
[SourceQuality "1"]
[TimeControl "40/5400+30:1800+30"]

1. d4 {[%emt 0:00:00]} Nf6 {[%emt 0:00:00]} 2. c4 {[%emt 0:00:00]} g6 {[%emt 0:00:00]} 3. Nf3 {[%emt 0:00:26]} Bg7 {[%emt 0:00:01]} 4. Nc3 {[%emt 0:03:10]} O-O {[%emt 0:00:10]} 5. e4 {[%emt 0:02:45]} d6 {[%emt 0:00:05]} 6. Bg5 {[%emt 0:01:42]} h6 7. Be3 {[%emt 0:00:45]} Ng4 {[%emt 0:06:48]} 8. Be2 {[%emt 0:07:49]} Nxe3 {[%emt 0:02:00]} 9. fxe3 {[%emt 0:00:11]} Nc6 {[%emt 0:02:14]} 10. O-O {[%emt 0:01:51]} e5 {[%emt 0:03:47]} 11. d5 {[%emt 0:01:51]} Ne7 {[%emt 0:01:23]} 12. Rc1 {[%emt 0:04:12]} b6 {[%emt 0:03:19]} 13. Kh1 {[%emt 0:01:26]} f5 {[%emt 0:01:11]} 14. Bd3 {[%emt 0:04:52]} g5 {[%emt 0:08:01]} 15. b4 {[%emt 0:14:56]} a5 {[%emt 0:04:40]} 16. a3 {[%emt 0:00:54]} axb4 {[%emt 0:00:15]} 17. axb4 {[%emt 0:00:49]} f4 {[%emt 0:10:13]} 18. Qe1 {[%emt 0:03:08]} Ng6 {[%emt 0:03:58]} 19. Nb5 {[%emt 0:08:57]} g4 {[%emt 0:04:32]} 20. Nd2 {[%emt 0:01:09]} Ra2 {[%emt 0:00:18]} 21. Rc2 {[%emt 0:01:35]} Rxc2 {[%emt 0:03:45]} 22. Bxc2 {[%emt 0:00:12]} Bd7 {[%emt 0:10:23]} 23. Nc3 {[%emt 0:03:04]} Qg5 {[%emt 0:04:59]} 24. Nd1 {[%emt 0:03:16]} g3 {[%emt 0:02:53]} 25. hxg3 {[%emt 0:08:06]} fxg3 {[%emt 0:00:41]} 26. Rxf8+ {[%emt 0:01:08]} Bxf8 {[%emt 0:02:28]} 27. Nf3 {[%emt 0:01:11]} Qg4 {[%emt 0:00:39]} 28. Nc3 Nh4 {[%emt 0:00:41]} 29. Ng1 {[%emt 0:03:59]} Ng6 {[%emt 0:09:26]} 30. Nf3 {[%emt 0:01:22]} h5 {[%emt 0:01:56]} 31. Ne2 {[%emt 0:01:30]} h4 {[%emt 0:00:36]} 32. Neg1 {[%emt 0:01:18]} Qh5 {[%emt 0:00:22]} 33. Qf1 {[%emt 0:01:15]} Bh6 {[%emt 0:01:24]} 34. Bd1 {[%emt 0:04:03]} Bg4 {[%emt 0:00:16]} 35. Qe1 {[%emt 0:01:52]} Nf8 {[%emt 0:05:12]} 36. Nh3 {[%emt 0:02:49]} Nd7 {[%emt 0:01:09]} 37. Nhg1 {[%emt 0:01:33]} Nf6 {[%emt 0:00:22]} 38. Bc2 {[%emt 0:00:24]} Bd7 {[%emt 0:02:15]} 39. Nd2 {[%emt 0:06:18]} Bxe3 {[%emt 0:03:20]} 40. Qxe3 {[%emt 0:03:03]} Ng4 {[%emt 0:00:22]} 41. Bd1 {[%emt 0:30:52]} Qh6 {[%emt 0:31:24]} 42. Qe2 {[%emt 0:00:00]} Nf2+ {[%emt 0:00:00]} 0-1

[Event "Skalica Open 2019"]
[Site "Skalica"]
[Date "2019.08.27"]
[Round "4.15"]
[White "Kalisky, Vladimir"]
[Black "Rakovsky, Jakub"]
[Result "1-0"]
[WhiteElo "2179"]
[BlackElo "1765"]
[Annotator "NA"]
[PlyCount "43"]
[EventDate "2019.08.25"]
[EventType "swiss"]
[EventCountry "SVK"]
[SourceTitle "playchess.com"]
[Source "ChessBase"]
[SourceQuality "1"]
[TimeControl "40/5400+30:1800+30"]

1. d4 {[%emt 0:00:00]} d5 {[%emt 0:00:03]} 2. Nf3 {[%emt 0:00:00]} e6 {[%emt 0:01:07]} 3. Bf4 {[%emt 0:00:13]} Nf6 {[%emt 0:00:28]} 4. e3 {[%emt 0:00:50]} c5 {[%emt 0:00:37]} 5. c3 {[%emt 0:00:13]} Nc6 {[%emt 0:00:26]} 6. Bd3 {[%emt 0:03:09]} c4 {[%emt 0:00:51]} 7. Bc2 {[%emt 0:00:40]} b5 {[%emt 0:02:15]} 8. Nbd2 {[%emt 0:01:23]} a5 {[%emt 0:00:57]} 9. O-O {[%emt 0:03:00]} h6 {[%emt 0:01:57]} 10. e4 {[%emt 0:03:06]} Bb7 {[%emt 0:03:48]} 11. exd5 {[%emt 0:02:59]} Nxd5 {[%emt 0:00:15]} 12. Bg3 {[%emt 0:00:54]} Bd6 {[%emt 0:01:51]} 13. Bxd6 {[%emt 0:12:44]} Qxd6 {[%emt 0:00:50]} 14. a4 {[%emt 0:00:20]} Ba6 {[%emt 0:04:08]} 15. axb5 {[%emt 0:01:19]} Bxb5 {[%emt 0:01:10]} 16. Ba4 {[%emt 0:02:31]} Ba6 {[%emt 0:12:57]} 17. Ne5 {[%emt 0:00:26]} Nde7 {[%emt 0:01:37]} 18. Qf3 {[%emt 0:00:59]} Rc8 {[%emt 0:01:53]} 19. Qxf7+ {[%emt 0:00:43]} Kd8 {[%emt 0:00:03]} 20. Qxg7 {[%emt 0:00:40]} Nxe5 {[%emt 0:03:25]} 21. Qxh8+ {[%emt 0:00:53]} Kc7 {[%emt 0:00:07]} 22. Qxe5 {[%emt 0:00:07]} 1-0